[Event "IV Weekend B"]
[Site "Recco ITA"]
[Date "2010.11.27"]
[Round "3"]
[White "Nicolis, Claudio"]
[Black "Del Canale, Alessandro"]
[Result "1/2-1/2"]
[WhiteElo "1835"]
[BlackElo "1482"]
[PlyCount "85"]
[EventDate "2010.11.26"]

1. d4 d5 2. c4 c6 3. Nf3 Nf6 4. Nc3 e6 5. Bg5 Be7 6. e3 O-O 7. Bd3 Nbd7 8. O-O
dxc4 9. Bxc4 Nb6 10. Bb3 Nfd5 11. Bxe7 Qxe7 12. a3 Nd7 13. Qd3 f5 14. Rac1 b6
15. Nxd5 cxd5 16. Rc7 Qd6 17. Qc2 b5 18. Rc1 Nb6 19. Rc6 Qe7 20. Rc5 Ba6 21.
Rc7 Qxc7 22. Qxc7 Rac8 23. Ne5 Rxc7 24. Rxc7 Rc8 25. Rxc8+ Bxc8 26. Nc6 a6 27.
Kf1 Kf8 28. Ke2 Ke8 29. Kd3 Bb7 30. Ne5 Nd7 31. Nxd7 Kxd7 32. Bd1 Kd6 33. Kc3
Kc6 34. Bh5 g6 35. Be2 Bc8 36. h4 h5 37. f3 Bd7 38. g4 Be8 39. gxh5 gxh5 40. f4
Kb6 41. b4 Bf7 42. a4 a5 43. Kb3 1/2-1/2

[Event "IV Weekend B"]
[Site "Recco ITA"]
[Date "2010.11.27"]
[Round "3"]
[White "Pedemonte, Claudio"]
[Black "Bario, Emilio"]
[Result "1/2-1/2"]
[WhiteElo "1834"]
[BlackElo "1694"]
[PlyCount "77"]
[EventDate "2010.11.26"]

1. c4 e5 2. g3 Nf6 3. Bg2 Be7 4. Nf3 d6 5. O-O c6 6. Nc3 O-O 7. d4 e4 8. Ng5 d5
9. cxd5 cxd5 10. Nh3 Bd7 11. Nf4 Bc6 12. e3 Na6 13. a3 Nc7 14. b4 b6 15. Qb3
Bb7 16. b5 a6 17. bxa6 Bxa6 18. Re1 Rb8 19. a4 Bc4 20. Qc2 b5 21. axb5 Nxb5 22.
Nxe4 Nxe4 23. Bxe4 dxe4 24. Qxc4 Nd6 25. Qe2 f5 26. Ne6 Qd7 27. Nxf8 Rxf8 28.
Ba3 Nf7 29. Bxe7 Qxe7 30. h4 Kh8 31. Ra6 g5 32. Qh5 Rg8 33. Kh1 gxh4 34. gxh4
Rg4 35. Ra8+ Nd8 36. Rg1 Rxh4+ 37. Qxh4 Qxh4+ 38. Kg2 Qg4+ 39. Kf1 1/2-1/2

[Event "IV Weekend B"]
[Site "Recco ITA"]
[Date "2010.11.27"]
[Round "3"]
[White "Penna, Tommaso"]
[Black "Rossi Cassani, Gianni"]
[Result "1-0"]
[WhiteElo "1733"]
[BlackElo "1796"]
[PlyCount "97"]
[EventDate "2010.11.26"]

1. d4 Nf6 2. c4 c5 3. d5 b5 4. Nf3 g6 5. Qc2 d6 6. e4 Bg7 7. Nbd2 b4 8. h3 O-O
9. Bd3 Nbd7 10. O-O Nb6 11. a3 a5 12. Re1 a4 13. axb4 cxb4 14. e5 b3 15. Qd1
Ne8 16. exd6 exd6 17. Ne4 Nf6 18. Nd4 Nxe4 19. Rxe4 Bb7 20. Nb5 Bc8 21. Re2 Ba6
22. Na3 Nd7 23. Bf4 Nc5 24. Rc1 Qd7 25. Bb1 Rfe8 26. Be3 Re7 27. Qd2 Rae8 28.
Rce1 Qc7 29. Bd3 Nxd3 30. Qxd3 Re4 31. Nb5 Qb8 32. Bf4 Rxe2 33. Rxe2 Rxe2 34.
Qxe2 Bxb5 35. cxb5 h6 36. Qd3 a3 37. bxa3 b2 38. Qb1 Qb6 39. Be3 Qc7 40. b6 Qb7
41. Bd4 Qxd5 42. Qxb2 Qxd4 43. Qc2 Bf6 44. Qc8+ Kg7 45. b7 Qb4 46. g3 Bh4 47.
Qc1 Qxb7 48. Kh2 Qb1 49. Qxb1 1-0

[Event "IV Weekend B"]
[Site "Recco ITA"]
[Date "2010.11.27"]
[Round "3"]
[White "Porzio, Massimo"]
[Black "Giostra, Lorenzo"]
[Result "1/2-1/2"]
[WhiteElo "1838"]
[BlackElo "1524"]
[PlyCount "30"]
[EventDate "2010.11.26"]

1. e4 c6 2. Nc3 d5 3. Nf3 dxe4 4. Nxe4 Nf6 5. Nxf6+ exf6 6. Bc4 Bd6 7. O-O O-O
8. h3 Re8 9. d4 Be6 10. Bd3 Nd7 11. c4 Nf8 12. Be3 Rb8 13. Nh4 Qc8 14. Rc1 c5
15. Qf3 Ng6 1/2-1/2

[Event "IV Weekend B"]
[Site "Recco ITA"]
[Date "2010.11.27"]
[Round "3"]
[White "Ruo, Andrea"]
[Black "Cecchi, Giuseppe"]
[Result "1/2-1/2"]
[WhiteElo "1347"]
[BlackElo "1762"]
[PlyCount "35"]
[EventDate "2010.11.26"]

1. e4 d6 2. d4 Nf6 3. Nc3 g6 4. f4 Bg7 5. h3 O-O 6. Qf3 Nc6 7. Be3 e6 8. Bd3 e5
9. d5 Nb4 10. O-O-O exf4 11. Bxf4 Nd7 12. Nge2 Ne5 13. Bxe5 Bxe5 14. g4 c5 15.
Bc4 a5 16. h4 Qf6 17. Qxf6 Bxf6 18. Rhg1 1/2-1/2

[Event "IV Weekend B"]
[Site "Recco ITA"]
[Date "2010.11.27"]
[Round "3"]
[White "Ruo, Valentina"]
[Black "Pesce, Leandro"]
[Result "0-1"]
[WhiteElo "1428"]
[BlackElo "1777"]
[PlyCount "162"]
[EventDate "2010.11.26"]

1. e4 c5 2. Nf3 Nc6 3. d4 cxd4 4. Nxd4 e5 5. Nxc6 bxc6 6. Bc4 Nf6 7. Nc3 d6 8.
O-O Be7 9. Bg5 O-O 10. Qf3 Be6 11. Bxe6 fxe6 12. Qg3 Kh8 13. Qh3 Ne8 14. Bxe7
Qxe7 15. Qd3 Nc7 16. a4 d5 17. Rab1 a5 18. Na2 c5 19. b3 d4 20. c3 Rfd8 21.
Rfe1 Qd7 22. h3 Qc6 23. Rec1 Qd6 24. Rd1 Rf8 25. Re1 Rf4 26. Qg3 Raf8 27. Rf1
Rxf2 28. Qd3 R2f4 29. Rf3 Qc6 30. Re1 R4f5 31. b4 axb4 32. cxb4 Qxa4 33. Qb1 c4
34. Rc1 c3 35. h4 Rd8 36. Rc2 Nb5 37. Qc1 Na3 38. Re2 Nc4 39. b5 Nd2 40. Rxd2
cxd2 41. Qxd2 Qxa2 42. Qxa2 Ra8 43. b6 Rxa2 44. Rf1 Rb2 45. Rc1 Rf8 46. Rc6 Rb8
47. Rxe6 R2xb6 48. Rxe5 Rd8 49. Rf5 Rc6 50. Rf2 d3 51. Rd2 Rc4 52. Kf1 Rc2 53.
Ke1 Rxd2 54. Kxd2 Kg8 55. g4 g5 56. hxg5 Re8 57. g6 hxg6 58. e5 Kf7 59. g5 Ke7
60. Kxd3 Ke6 61. Ke2 Kxe5 62. Kf1 Kf4 63. Kf2 Kxg5 64. Kf3 Kf5 65. Kf2 Re5 66.
Kg3 Re3+ 67. Kf2 Kf4 68. Kf1 Kf3 69. Kg1 Kg3 70. Kf1 Kh2 71. Kf2 Rg3 72. Ke2
Kg1 73. Kd2 Rf3 74. Ke2 Rf2+ 75. Kd1 Kf1 76. Kc1 g5 77. Kb1 g4 78. Ka1 g3 79.
Kb1 g2 80. Kc1 g1=Q 81. Kb1 Kg2# 0-1

[Event "IV Weekend B"]
[Site "Recco ITA"]
[Date "2010.11.27"]
[Round "3"]
[White "Simoncini, Francesco"]
[Black "Cavatorta, Ivan"]
[Result "1/2-1/2"]
[WhiteElo "1525"]
[BlackElo "1815"]
[PlyCount "43"]
[EventDate "2010.11.26"]

1. e4 e6 2. d4 d5 3. e5 c5 4. c3 Qb6 5. Nf3 Bd7 6. a3 Bb5 7. Bd3 Bxd3 8. Qxd3
Qa6 9. Qxa6 Nxa6 10. O-O c4 11. Ne1 O-O-O 12. Nc2 Nc7 13. f4 Ne7 14. Ne3 g6 15.
Nd2 Nf5 16. Nf3 Nxe3 17. Bxe3 h6 18. Kh1 Ne8 19. Ne1 Ng7 20. Nc2 Be7 21. Bd2
Kb8 22. Ne3 1/2-1/2

[Event "IV Weekend B"]
[Site "Recco ITA"]
[Date "2010.11.27"]
[Round "3"]
[White "Squarci, Franco"]
[Black "Franchetti Pardo, Niccolo'"]
[Result "1-0"]
[WhiteElo "1796"]
[BlackElo "1467"]
[PlyCount "42"]
[EventDate "2010.11.26"]

1. d4 Nf6 2. Nf3 g6 3. Nbd2 Bg7 4. e4 d6 5. Be2 O-O 6. O-O e5 7. dxe5 dxe5 8.
Nxe5 Nxe4 9. Nxe4 Bxe5 10. Bh6 Qxd1 11. Rfxd1 Re8 12. Bf3 Bxb2 13. Rab1 Bg7 14.
Bg5 Nd7 15. Bf4 c6 16. Nd6 Re7 17. Nxc8 Rxc8 18. Rxb7 Rce8 19. Kf1 Ne5 20. Rxe7
Rxe7 21. Rd8+ Bf8 1-0

[Event "IV Weekend B"]
[Site "Recco ITA"]
[Date "2010.11.27"]
[Round "3"]
[White "Tagliano, Maurizio"]
[Black "Vaselli, Luciano"]
[Result "1-0"]
[WhiteElo "1833"]
[BlackElo "1732"]
[PlyCount "81"]
[EventDate "2010.11.26"]

1. Nf3 Nf6 2. d4 e6 3. c4 d5 4. g3 c6 5. Bg2 Be7 6. Nc3 Nbd7 7. O-O O-O 8. Re1
Ne4 9. Nxe4 dxe4 10. Ne5 f5 11. f4 Nxe5 12. fxe5 Bd7 13. a3 Be8 14. e3 Bf7 15.
Bd2 Qb6 16. b4 Qd8 17. Bf1 h5 18. Qb3 h4 19. c5 Bg5 20. Bc4 Qe7 21. a4 hxg3 22.
hxg3 g6 23. Kf2 Kg7 24. b5 Rh8 25. Rh1 Bh6 26. Rag1 Rh7 27. Qd1 Rah8 28. Qf1
Kf8 29. Ke2 g5 30. Kd1 g4 31. Kc2 Bg5 32. Rxh7 Rxh7 33. Rh1 Rxh1 34. Qxh1 Kg7
35. bxc6 bxc6 36. Qb1 Bh4 37. gxh4 Qxh4 38. Qb7 Qh6 39. Qb1 g3 40. Bf1 Qh2 41.
Qe1 1-0

[Event "IV Weekend B"]
[Site "Recco ITA"]
[Date "2010.11.28"]
[Round "4"]
[White "Bario, Emilio"]
[Black "Bardone, Lorenzo"]
[Result "1/2-1/2"]
[WhiteElo "1694"]
[BlackElo "1835"]
[PlyCount "52"]
[EventDate "2010.11.26"]

1. d4 d5 2. e3 Bf5 3. c4 c6 4. Nf3 Nf6 5. Be2 e6 6. Nbd2 Bd6 7. c5 Bc7 8. b4 a6
9. a4 Nbd7 10. Bb2 b5 11. Ne5 Nxe5 12. dxe5 Nd7 13. f4 Rb8 14. Nf3 Be4 15. O-O
Bxf3 16. Rxf3 O-O 17. a5 f6 18. exf6 Nxf6 19. Qc2 Qe7 20. Bxf6 Qxf6 21. Rff1 d4
22. Bd3 h6 23. e4 Qe7 24. e5 Rbd8 25. Be4 Qd7 26. Qd3 Rf7 1/2-1/2

[Event "IV Weekend B"]
[Site "Recco ITA"]
[Date "2010.11.28"]
[Round "4"]
[White "Buselli, Claudio"]
[Black "Del Canale, Alessandro"]
[Result "0-1"]
[WhiteElo "1677"]
[BlackElo "1482"]
[PlyCount "114"]
[EventDate "2010.11.26"]

1. d4 d5 2. c4 c6 3. Nf3 Bg4 4. e3 Nf6 5. Nc3 e6 6. Qb3 Qc7 7. Ne5 Bf5 8. cxd5
exd5 9. Bd2 Bd6 10. Nf3 O-O 11. Rc1 Nbd7 12. Nb5 Qb8 13. Nxd6 Qxd6 14. Bb4 Qc7
15. Bxf8 Kxf8 16. Qb4+ Kg8 17. Be2 h6 18. O-O Be4 19. Nd2 Bf5 20. Nb3 h5 21.
Na5 Rb8 22. Qa3 Ng4 23. Bxg4 Bxg4 24. f3 Bf5 25. Nb3 Nb6 26. Nc5 Re8 27. Qb4
Qe7 28. Rfe1 Rd8 29. b3 h4 30. a4 Qg5 31. Kf2 Rb8 32. a5 Nc8 33. Nxb7 h3 34. g3
Qf6 35. a6 Be4 36. f4 Qg6 37. Qd2 Bd3 38. Nc5 Bb5 39. Qc2 f5 40. Nd7 Ra8 41.
Ne5 Qe8 42. Nxc6 Nd6 43. Nb4 Qh5 44. Nxd5 Ne4+ 45. Kg1 Qf3 46. Ne7+ Kh8 47.
Ng6+ Kh7 48. Nh4 Qg4 49. Qc7 Nxg3 50. hxg3 Qxg3+ 51. Kh1 Bd3 52. e4 Re8 53. e5
Qxh4 54. Qb7 Qxf4 55. Rc7 Be4+ 56. Rxe4 Qf1+ 57. Kh2 Qg2# 0-1

[Event "IV Weekend B"]
[Site "Recco ITA"]
[Date "2010.11.28"]
[Round "4"]
[White "Cavatorta, Ivan"]
[Black "Ruo, Andrea"]
[Result "1-0"]
[WhiteElo "1815"]
[BlackElo "1347"]
[PlyCount "57"]
[EventDate "2010.11.26"]

1. e4 e6 2. d4 d5 3. e5 c5 4. c3 Nc6 5. Nf3 Bd7 6. Be2 Qb6 7. O-O Rc8 8. dxc5
Bxc5 9. b4 Be7 10. Be3 Qc7 11. Bf4 f6 12. exf6 Qxf4 13. fxg7 Bf6 14. gxh8=Q
Bxh8 15. Qd3 Nxb4 16. Qxh7 Qf7 17. Qxh8 Nc2 18. Ne5 Qf8 19. Nxd7 Kxd7 20. Qh7+
Ne7 21. Qxc2 Qg7 22. Qa4+ Kd8 23. Qa5+ Kd7 24. Qxa7 Rh8 25. Qxb7+ Kd8 26. Qb6+
Kd7 27. Bb5+ Kc8 28. Qxe6+ Kd8 29. Qd7# 1-0

[Event "IV Weekend B"]
[Site "Recco ITA"]
[Date "2010.11.28"]
[Round "4"]
[White "Cecchi, Giuseppe"]
[Black "Giostra, Lorenzo"]
[Result "1/2-1/2"]
[WhiteElo "1762"]
[BlackElo "1524"]
[PlyCount "39"]
[EventDate "2010.11.26"]

1. d4 d5 2. c4 e6 3. Nc3 c5 4. e3 Nf6 5. Nf3 Nc6 6. dxc5 Bxc5 7. cxd5 exd5 8.
Bb5 O-O 9. O-O Bg4 10. Be2 Qd6 11. a3 Rfd8 12. b4 Bb6 13. Nb5 Qe7 14. Bb2 Rac8
15. Rc1 a6 16. Nbd4 Nxd4 17. Bxd4 Bxd4 18. Nxd4 Be6 19. Bd3 Rxc1 20. Qxc1
1/2-1/2

[Event "IV Weekend B"]
[Site "Recco ITA"]
[Date "2010.11.28"]
[Round "4"]
[White "Chiappini, Massimo"]
[Black "Brugnolo, Paolo"]
[Result "1-0"]
[WhiteElo "1434"]
[BlackElo "1493"]
[PlyCount "115"]
[EventDate "2010.11.26"]

1. d4 d5 2. Nf3 Nf6 3. g3 Bg4 4. Bg2 e6 5. O-O Be7 6. c4 Nbd7 7. Qb3 Nb6 8. c5
Nc4 9. Na3 Na5 10. Qa4+ c6 11. Bd2 b6 12. Bxa5 bxa5 13. Qxc6+ Kf8 14. Nb5 a6
15. Nd6 Ra7 16. Qc8 Ra8 17. Qxd8+ Bxd8 18. Rfe1 Ke7 19. Ng5 Bh5 20. e4 Rb8 21.
b3 Bc7 22. exd5 Bxd6 23. cxd6+ Kxd6 24. dxe6 h6 25. Nxf7+ Bxf7 26. exf7 Rhf8
27. Rac1 Rxf7 28. Rc6+ Kd7 29. Rxa6 Rff8 30. Ra7+ Kd8 31. Rxg7 Rb4 32. d5 Rd4
33. Ra7 Re8 34. Ra8+ Kd7 35. Bf3 Kd6 36. Raxe8 Nxe8 37. Rxe8 Rd1+ 38. Kg2 Rd2
39. a3 Rd3 40. b4 a4 41. Re3 Rxd5 42. Re6+ Kc7 43. Ra6 Rd3 44. Rxa4 Kb6 45. Ra8
Kc7 46. Ra5 Kb6 47. a4 Rd4 48. Rb5+ Kc7 49. Bg4 Rd6 50. a5 Kc6 51. Be2 Rd7 52.
Rb6+ Kd5 53. Rxh6 Re7 54. Bf3+ Kc4 55. Rb6 Ra7 56. a6 Kd4 57. b5 Kc5 58. Rb7
1-0

[Event "IV Weekend B"]
[Site "Recco ITA"]
[Date "2010.11.28"]
[Round "4"]
[White "Christen, Peter Walter"]
[Black "Guarino, Vincenzo"]
[Result "1/2-1/2"]
[WhiteElo "1545"]
[BlackElo "1401"]
[PlyCount "56"]
[EventDate "2010.11.26"]

1. e4 e5 2. Nf3 Nc6 3. Bc4 Bc5 4. c3 Qf6 5. b4 Bb6 6. a4 a5 7. b5 Nce7 8. d3 h6
9. Be3 c5 10. Nbd2 d6 11. h3 Be6 12. Bxe6 Qxe6 13. d4 f5 14. exf5 Nxf5 15. Qe2
Nf6 16. Ne4 O-O 17. Nxf6+ Rxf6 18. O-O Re8 19. Rfe1 Nxd4 20. Bxd4 exd4 21.
Qxe6+ Rfxe6 22. Kf1 Kf7 23. Nd2 Rxe1+ 24. Rxe1 Rxe1+ 25. Kxe1 Ke6 26. Ke2 Bd8
27. g4 Ke5 28. Nf3+ Ke4 1/2-1/2

[Event "IV Weekend B"]
[Site "Recco ITA"]
[Date "2010.11.28"]
[Round "4"]
[White "Diena, Giovanni"]
[Black "Jovanovic, Goran"]
[Result "1/2-1/2"]
[WhiteElo "1844"]
[BlackElo "1665"]
[PlyCount "123"]
[EventDate "2010.11.26"]

1. e4 e6 2. d4 d5 3. Nd2 c5 4. c3 Nc6 5. Ne2 Qb6 6. exd5 exd5 7. Qb3 Qd8 8. Nf3
c4 9. Qc2 Bg4 10. Ne5 Nxe5 11. dxe5 Qd7 12. Bf4 Bf5 13. Qd2 Ne7 14. Nd4 Nc6 15.
Nxf5 Qxf5 16. Bg3 Nxe5 17. Qe3 O-O-O 18. Qxe5 Qxe5+ 19. Bxe5 Re8 20. f4 f6 21.
O-O-O fxe5 22. Rxd5 exf4 23. Bxc4 g6 24. Rf1 Bh6 25. Rf3 Re3 26. Kc2 Rxf3 27.
gxf3 Bf8 28. Rd4 g5 29. Be6+ Kc7 30. Bf5 Bd6 31. Rc4+ Kb8 32. Kd3 h6 33. Re4
Rd8 34. Kc4 a6 35. a4 h5 36. b4 Rf8 37. Bg6 g4 38. Bxh5 gxf3 39. Bxf3 Rh8 40.
Kd5 Bc7 41. Re2 Rd8+ 42. Kc4 Rh8 43. Kd3 Rd8+ 44. Kc2 Rh8 45. Bg4 f3 46. Bxf3
Rxh2 47. Kd3 Rxe2 48. Bxe2 Kc8 49. Ke4 Kd8 50. Kd5 Kd7 51. Bg4+ Kd8 52. c4 Bf4
53. c5 Bd2 54. b5 axb5 55. axb5 Bf4 56. b6 Be3 57. Kc4 Bf2 58. Kb5 Bg3 59. Bf3
Kc8 60. Bxb7+ Kxb7 61. c6+ Kc8 62. Ka6 1/2-1/2

[Event "IV Weekend B"]
[Site "Recco ITA"]
[Date "2010.11.28"]
[Round "4"]
[White "Drago, Paolo"]
[Black "Squarci, Franco"]
[Result "1-0"]
[WhiteElo "1675"]
[BlackElo "1796"]
[PlyCount "67"]
[EventDate "2010.11.26"]

1. d4 Nf6 2. c4 e6 3. Nf3 b6 4. g3 Bb7 5. Bg2 Bb4+ 6. Bd2 Bxd2+ 7. Nbxd2 O-O 8.
O-O d6 9. Re1 Nfd7 10. e4 e5 11. d5 a5 12. b3 Nc5 13. Qe2 Bc8 14. a3 Bg4 15. b4
Na4 16. Qd1 Qd7 17. Qc2 Rc8 18. Qd3 c5 19. bxc5 bxc5 20. Nxe5 Na6 21. Qb1 Nc7
22. Nd3 Ne8 23. Nb3 Nf6 24. Nxa5 Nxe4 25. Nf4 Nf6 26. Qc2 Nb6 27. Nd3 Ne4 28.
Nxc5 Nxc5 29. h3 Ne4 30. hxg4 Nxd5 31. Qxe4 Rc6 32. Rec1 Rca6 33. Nb3 f6 34.
Qxd5+ 1-0

[Event "IV Weekend B"]
[Site "Recco ITA"]
[Date "2011.03.28"]
[Round "4"]
[White "Franchetti Pardo, Niccolo'"]
[Black "Nanni, Sergio"]
[Result "0-1"]
[WhiteElo "1467"]
[BlackElo "1700"]
[PlyCount "43"]
[EventDate "2010.11.26"]

1. d4 Nf6 2. Bg5 e6 3. c4 Be7 4. Nc3 d5 5. e3 O-O 6. Nf3 a6 7. cxd5 exd5 8. Bd3
Nbd7 9. O-O h6 10. Bf4 b5 11. Rc1 c5 12. dxc5 Bxc5 13. Bb1 Bb7 14. Ne2 Rc8 15.
Ned4 Ne4 16. Bxe4 dxe4 17. Ne5 Nxe5 18. Bxe5 Qd5 19. Qh5 f6 20. Nf5 Qxe5 21.
Nxh6+ Kh7 22. Ng4+ 0-1

[Event "IV Weekend B"]
[Site "Recco ITA"]
[Date "2010.11.28"]
[Round "4"]
[White "Gnetti, Paolo"]
[Black "Tagliano, Maurizio"]
[Result "0-1"]
[WhiteElo "1770"]
[BlackElo "1833"]
[PlyCount "50"]
[EventDate "2010.11.26"]

1. e4 Nf6 2. e5 Nd5 3. d4 Nb6 4. c4 d6 5. f4 dxe5 6. fxe5 Nc6 7. Be3 Bf5 8. Nc3
e6 9. c5 Nd5 10. Bf2 Be7 11. Nf3 O-O 12. Bd3 Nxc3 13. bxc3 Bxd3 14. Qxd3 Bxc5
15. O-O Be7 16. Rab1 b6 17. Rfd1 Rc8 18. Qe4 Qd5 19. Qe2 Na5 20. Nd2 Qxa2 21.
c4 Bg5 22. Ra1 Qc2 23. Rac1 Qg6 24. h4 Bxd2 25. Qxd2 Nb3 0-1

[Event "IV Weekend B"]
[Site "Recco ITA"]
[Date "2010.11.28"]
[Round "4"]
[White "Gnetti, Pietro"]
[Black "Grieco, Claudio"]
[Result "1-0"]
[WhiteElo "1672"]
[BlackElo "1419"]
[PlyCount "85"]
[EventDate "2010.11.26"]

1. d4 d5 2. c4 Nf6 3. Nc3 e6 4. Nf3 Nbd7 5. Bg5 Be7 6. e3 O-O 7. Bd3 dxc4 8.
Bxc4 Nb6 9. Bd3 Bd7 10. O-O c6 11. e4 Rc8 12. Rc1 Re8 13. a3 a6 14. g3 c5 15.
dxc5 Rxc5 16. Qe2 e5 17. b4 Rc8 18. Nxe5 Be6 19. Rfd1 Nbd7 20. Nxd7 Bxd7 21.
Bb1 b5 22. Kf1 Ng4 23. Bxe7 Rxe7 24. Kg1 Ne5 25. h3 Qe8 26. Kg2 Nc4 27. Nd5 Re6
28. Rc3 f5 29. f3 h6 30. Qf2 Nd6 31. Rxc8 Bxc8 32. Nc7 Qe7 33. Nxe6 Bxe6 34.
Qc5 Nc8 35. exf5 Bc4 36. Qxc8+ Kf7 37. Rd7 Kf6 38. Rxe7 Kxe7 39. f4 Bd5+ 40.
Kf2 Bc4 41. Qxa6 Bf7 42. Qxb5 Kf8 43. Bd3 1-0

[Event "IV Weekend B"]
[Site "Recco ITA"]
[Date "2010.11.28"]
[Round "4"]
[White "Migliorini, Matteo"]
[Black "Penna, Tommaso"]
[Result "1/2-1/2"]
[WhiteElo "1789"]
[BlackElo "1733"]
[PlyCount "26"]
[EventDate "2010.11.26"]

1. e4 c5 2. Nf3 e6 3. d3 Nc6 4. c3 Nf6 5. g3 d6 6. Bg2 g6 7. O-O Bg7 8. Re1 O-O
9. a3 Qc7 10. Nbd2 Rb8 11. Rb1 Bd7 12. Nf1 Ne7 13. b4 b5 1/2-1/2

[Event "IV Weekend B"]
[Site "Recco ITA"]
[Date "2010.11.28"]
[Round "4"]
[White "Mirata, Danilo"]
[Black "Militello, Michele"]
[Result "1/2-1/2"]
[WhiteElo "1770"]
[BlackElo "1817"]
[PlyCount "156"]
[EventDate "2010.11.26"]

1. d4 d6 2. Nf3 Nf6 3. c4 Nbd7 4. Bf4 g6 5. Nc3 Bg7 6. e4 O-O 7. Be2 Nh5 8. Be3
e5 9. O-O Nhf6 10. d5 a5 11. Ne1 Nc5 12. f3 b6 13. a3 a4 14. Bxc5 bxc5 15. Nxa4
Bd7 16. Nc3 Qb8 17. Nd3 Qa7 18. Kh1 Rfb8 19. Qc2 Bh6 20. b4 cxb4 21. Nxb4 Qc5
22. Rfb1 Be3 23. Rb3 Qa7 24. Nb5 Qb6 25. Rab1 Bc5 26. Nd3 Rc8 27. Nxc5 Qxc5 28.
Qd3 Nh5 29. Qe3 Qxe3 30. Rxe3 f5 31. Rbb3 f4 32. Rec3 Nf6 33. Kg1 Bxb5 34. cxb5
Nd7 35. Bd1 Nc5 36. Rb4 Rcb8 37. a4 Ra5 38. Kf2 Kg7 39. Ke2 Rb6 40. g3 g5 41.
gxf4 gxf4 42. Rc1 Rb8 43. Bc2 Kf7 44. Rg1 Rg8 45. Rxg8 Kxg8 46. Kf2 Kf7 47. b6
cxb6 48. Rxb6 Ke7 49. Rb8 Kf6 50. Rf8+ Kg6 51. Rb8 Kf6 52. Rb5 Rxb5 53. axb5
Nd7 54. Bd3 Kg5 55. Bf1 Kf6 56. Kg2 h6 57. Kh3 Kg5 58. Kg2 Kf6 59. Kf2 Ke7 60.
Bh3 Nb6 61. Bg4 Kf6 62. h4 Ke7 63. Kg2 Kf6 64. h5 Kf7 65. Kh3 Ke7 66. Kh4 Kf7
67. Be6+ Ke7 68. Kg4 Kf6 69. Bf5 Kg7 70. Bg6 Kf6 71. Be8 Nc4 72. Bg6 Kg7 73.
Kh3 Kf6 74. Kg2 Ke7 75. Kf2 Kd8 76. Ke2 Kc7 77. Kd3 Na5 78. Kc3 Nb7 1/2-1/2

[Event "IV Weekend B"]
[Site "Recco ITA"]
[Date "2010.11.28"]
[Round "4"]
[White "Neuhold, Piero"]
[Black "Porzio, Massimo"]
[Result "0-1"]
[WhiteElo "1638"]
[BlackElo "1838"]
[PlyCount "52"]
[EventDate "2010.11.26"]

1. d4 Nf6 2. c4 c5 3. d5 b5 4. e3 bxc4 5. Bxc4 d6 6. Nc3 g6 7. Nf3 Bg7 8. Qa4+
Bd7 9. Qb3 Qc8 10. O-O O-O 11. Bd2 Bg4 12. Qd1 Nbd7 13. Rc1 Nb6 14. b3 Nxc4 15.
bxc4 Rb8 16. h3 Bxf3 17. Qxf3 Rb2 18. Qd1 Qa6 19. Qe2 Rfb8 20. Rb1 Rxb1 21.
Rxb1 Rxb1+ 22. Nxb1 Qxa2 23. Qd3 Nd7 24. Nc3 Qb2 25. Nb5 a6 26. Bc3 Qc1+ 0-1

[Event "IV Weekend B"]
[Site "Recco ITA"]
[Date "2010.11.28"]
[Round "4"]
[White "Orlandi, Paolo"]
[Black "Ruo, Valentina"]
[Result "1-0"]
[WhiteElo "1605"]
[BlackElo "1428"]
[PlyCount "35"]
[EventDate "2010.11.26"]

1. e4 e5 2. d4 Nc6 3. d5 Nd4 4. c3 Nb5 5. Bxb5 c6 6. Ba4 Nf6 7. Bc2 d6 8. Bg5
cxd5 9. exd5 Be7 10. Ne2 b6 11. O-O Ba6 12. Re1 O-O 13. b3 Bb7 14. c4 Qc8 15.
Nbc3 a6 16. Qd3 Qc5 17. Bxf6 Bxf6 18. Qxh7# 1-0

[Event "IV Weekend B"]
[Site "Recco ITA"]
[Date "2010.11.28"]
[Round "4"]
[White "Pesce, Leandro"]
[Black "Pedemonte, Claudio"]
[Result "0-1"]
[WhiteElo "1777"]
[BlackElo "1834"]
[PlyCount "79"]
[EventDate "2010.11.26"]

1. e4 d5 2. exd5 Qxd5 3. Nc3 Qa5 4. Bc4 Bf5 5. d3 e6 6. Qe2 Nf6 7. Bd2 c6 8. h3
h5 9. Ne4 Qd8 10. O-O-O Nbd7 11. Nxf6+ Nxf6 12. Nf3 Qc7 13. Ne5 Bd6 14. Rhe1
O-O-O 15. f3 h4 16. Kb1 Nd5 17. Bb3 f6 18. Nc4 Bg3 19. Rf1 e5 20. Be1 Bxe1 21.
Rfxe1 Nf4 22. Qf2 Kb8 23. Re3 g5 24. Nd2 Qb6 25. Nf1 Rd7 26. Rd2 Rhd8 27. Re1
c5 28. Red1 Be6 29. Bxe6 Nxe6 30. Ne3 Nd4 31. g3 hxg3 32. Qxg3 Rh7 33. Rh2 Rdh8
34. Rdh1 Qc6 35. Rf1 Qe6 36. c3 Rxh3 37. Qg2 Nb5 38. Ng4 Rxh2 39. Nxh2 Nxc3+
40. Kc2 0-1

[Event "IV Weekend B"]
[Site "Recco ITA"]
[Date "2010.11.28"]
[Round "4"]
[White "Restifo, Katiuscia"]
[Black "Pieri, Enzo"]
[Result "1-0"]
[WhiteElo "1829"]
[BlackElo "1740"]
[PlyCount "93"]
[EventDate "2010.11.26"]

1. e4 c6 2. d4 d5 3. Nc3 dxe4 4. Nxe4 Nf6 5. Ng3 g6 6. Nf3 Bg7 7. Bd3 O-O 8.
O-O Qc7 9. c3 c5 10. dxc5 Qxc5 11. Be3 Qc7 12. Nd4 a6 13. a4 e5 14. Nb3 Nc6 15.
a5 Re8 16. Ne4 Nxe4 17. Bxe4 Be6 18. Bb6 Qc8 19. Nc5 Bc4 20. Re1 Bf8 21. Nd7
Kg7 22. Bxc6 Qxc6 23. Nxe5 Qd5 24. Nxc4 Qxc4 25. Rxe8 Rxe8 26. Qd7 Qe4 27. Bd4+
Kg8 28. h3 Re7 29. Qd8 Qc6 30. Be3 Re8 31. Qd3 Bg7 32. Bb6 Bf6 33. Rd1 Kg7 34.
Bd4 Qe4 35. Bxf6+ Kxf6 36. Qxe4 Rxe4 37. Rd7 Re7 38. Rxe7 Kxe7 39. Kf1 Kd6 40.
Ke2 f5 41. Kd3 g5 42. g3 h5 43. h4 Ke5 44. hxg5 f4 45. gxf4+ Kf5 46. Ke3 h4 47.
Kf3 1-0

[Event "IV Weekend B"]
[Site "Recco ITA"]
[Date "2010.11.28"]
[Round "4"]
[White "Rossi Cassani, Gianni"]
[Black "Gandolfi, Gianfranco"]
[Result "1-0"]
[WhiteElo "1796"]
[BlackElo "1848"]
[PlyCount "53"]
[EventDate "2010.11.26"]

1. e4 e5 2. Nf3 Nc6 3. d4 exd4 4. Nxd4 Qh4 5. Nc3 Bb4 6. Be2 Qxe4 7. Ndb5 Kd8
8. O-O Bxc3 9. Nxc3 Qd4 10. Bd3 a6 11. Re1 Nge7 12. Re4 Qf6 13. Rf4 Qe6 14. Bd2
d5 15. Qf3 f6 16. Re1 Qd6 17. Qg3 g5 18. Rf3 Qxg3 19. fxg3 Ne5 20. Rxf6 Nxd3
21. cxd3 h6 22. Rf7 Re8 23. Rh7 Bf5 24. Rxh6 Bxd3 25. Bxg5 Be4 26. Nxe4 dxe4
27. Rxe4 1-0

[Event "IV Weekend B"]
[Site "Recco ITA"]
[Date "2010.11.28"]
[Round "4"]
[White "Sabba, Giorgio"]
[Black "Cunsolo, Gianfranco"]
[Result "0-1"]
[WhiteElo "1819"]
[BlackElo "1639"]
[PlyCount "93"]
[EventDate "2010.11.26"]

1. e4 d6 2. d4 e5 3. Nf3 exd4 4. Nxd4 Be7 5. Bc4 Nf6 6. Nc3 O-O 7. O-O Bg4 8.
f3 Bd7 9. Be3 Re8 10. Qd2 Bf8 11. Bg5 h6 12. Be3 Nc6 13. Nxc6 bxc6 14. Rad1 Qe7
15. Rfe1 a5 16. Bd4 Be6 17. Bxe6 fxe6 18. e5 Nh7 19. Ne4 c5 20. exd6 cxd6 21.
Bf2 Red8 22. Qd3 Rab8 23. b3 Qc7 24. Qc4 d5 25. Qa6 Rb6 26. Bg3 Rxa6 27. Bxc7
Rc8 28. Be5 dxe4 29. Rxe4 Ra7 30. Rde1 Ng5 31. R4e2 Kf7 32. Bf4 Rc6 33. h4 Nh7
34. Be3 Nf6 35. c4 Ra8 36. Bf4 a4 37. Rd2 axb3 38. axb3 Rb6 39. Rd3 Be7 40.
Red1 Ra3 41. Rb1 Nh5 42. Bc1 Ra2 43. Be3 Ng3 44. Rd7 Rd6 45. Kh2 Nf5 46. Re1
Nxh4 47. Rg1 0-1

[Event "IV Weekend B"]
[Site "Recco ITA"]
[Date "2010.11.28"]
[Round "4"]
[White "Saffioti, Massimo"]
[Black "Manini, Paolo"]
[Result "1/2-1/2"]
[WhiteElo "1828"]
[BlackElo "1776"]
[PlyCount "102"]
[EventDate "2010.11.26"]

1. c4 Nf6 2. Nc3 d5 3. Nxd5 Nxd5 4. g3 c6 5. Bg2 g6 6. Nf3 Bg7 7. d4 O-O 8. O-O
Nd7 9. cxd5 cxd5 10. Qc2 e6 11. Bf4 b6 12. Qc6 Ba6 13. Rfe1 Qc8 14. Qa4 Qb7 15.
e3 Rfc8 16. Rac1 Rxc1 17. Rxc1 Rc8 18. Rxc8+ Qxc8 19. Bf1 Bxf1 20. Kxf1 a6 21.
Ke2 b5 22. Qa5 Bf8 23. Qc7 Qxc7 24. Bxc7 Nf6 25. Nd2 Ne8 26. Bb8 Nd6 27. Kd3 f5
28. f3 Nc4 29. Nxc4 dxc4+ 30. Kc3 Kf7 31. Ba7 Ke8 32. b3 cxb3 33. axb3 Kd7 34.
Bc5 Bxc5 35. dxc5 a5 36. b4 axb4+ 37. Kxb4 Kc6 38. f4 h6 39. h3 g5 40. fxg5
hxg5 41. h4 gxh4 42. gxh4 e5 43. h5 f4 44. exf4 exf4 45. h6 f3 46. h7 f2 47.
h8=Q f1=Q 48. Qa8+ Kc7 49. Qa7+ Kc8 50. Qa6+ Kc7 51. Qb6+ Kc8 1/2-1/2